[Event "WJCC U20 Open 2019"]
[Site "New Delhi"]
[Date "2019.10.15"]
[Round "1.20"]
[White "Risting, Eivind Olav"]
[Black "Arjun, Kalyan"]
[Result "1/2-1/2"]
[WhiteElo "2289"]
[BlackElo "2483"]
[Annotator "ChessBase"]
[PlyCount "60"]
[EventDate "2019.10.15"]
[EventType "swiss"]
[EventCountry "IND"]
[SourceTitle "playchess.com"]
[Source "ChessBase"]
[SourceQuality "1"]
[TimeControl "40/5400+30:1800+30"]

1. d4 {[%emt 0:00:00]} d5 {[%emt 0:00:00]} 2. c4 {[%emt 0:00:00]} c6 {[%emt 0:00:00]} 3. Nc3 {[%emt 0:00:01]} Nf6 {[%emt 0:00:00]} 4. e3 {[%emt 0:00:29]} e6 {[%emt 0:00:05]} 5. Nf3 {[%emt 0:00:22]} Nbd7 {[%emt 0:00:21]} 6. Qc2 {[%emt 0:00:19]} Bd6 {[%emt 0:00:12]} 7. Bd3 {[%emt 0:00:08]} O-O {[%emt 0:00:12]} 8. O-O {[%emt 0:00:05]} dxc4 {[%emt 0:00:10]} 9. Bxc4 {[%emt 0:00:06]} b5 {[%emt 0:00:12]} 10. Be2 {[%emt 0:00:36]} a6 {[%emt 0:00:21]} 11. Ng5 {[%emt 0:02:31]} Qc7 {[%emt 0:01:52]} 12. e4 {[%emt 0:02:15]} Bxh2+ {[%emt 0:00:37]} 13. Kh1 {[%emt 0:00:04]} c5 {[%emt 0:00:08]} 14. e5 {[%emt 0:00:59]} cxd4 {[%emt 0:00:57]} 15. exf6 {[%emt 0:00:31]} Nxf6 {[%emt 0:00:06]} 16. f4 {[%emt 0:01:47]} Bg3 {[%emt 0:01:41]} 17. Rf3 {[%emt 0:12:01]} h6 {[%emt 0:14:56]} 18. Rxg3 {[%emt 0:29:46]} hxg5 {[%emt 0:01:05]} 19. Rh3 {[%emt 0:03:17]} dxc3 {[%emt 0:24:01]} 20. fxg5 {[%emt 0:01:43]} cxb2 {[%emt 0:02:50]} 21. Qxc7 {[%emt 0:29:55]} bxa1=Q {[%emt 0:00:17]} 22. gxf6 {[%emt 0:00:20]} Qxf6 {[%emt 0:21:52]} 23. Bd3 {[%emt 0:05:48]} e5 {[%emt 0:13:42]} 24. Bh7+ {[%emt 0:01:23]} Kh8 {[%emt 0:00:01]} 25. Bf5+ {[%emt 0:00:18]} Kg8 {[%emt 0:00:06]} 26. Bh7+ {[%emt 0:00:18]} Kh8 {[%emt 0:00:02]} 27. Bf5+ {[%emt 0:00:12]} Kg8 {[%emt 0:00:02]} 28. Bh7+ {[%emt 0:00:05]} Kh8 {[%emt 0:00:03]} 29. Bf5+ {[%emt 0:00:06]} Kg8 {[%emt 0:00:03]} 30. Bh7+ {[%emt 0:00:08]} Kh8 {[%emt 0:00:04]} 1/2-1/2

[Event "WJCC U20 Open 2019"]
[Site "New Delhi"]
[Date "2019.10.15"]
[Round "1.21"]
[White "Karthik, Venkataraman"]
[Black "Zlatin, Alexander"]
[Result "0-1"]
[WhiteElo "2478"]
[BlackElo "2263"]
[Annotator "ChessBase"]
[PlyCount "112"]
[EventDate "2019.10.15"]
[EventType "swiss"]
[EventCountry "IND"]
[SourceTitle "playchess.com"]
[Source "ChessBase"]
[SourceQuality "1"]
[TimeControl "40/5400+30:1800+30"]

1. e4 {[%emt 0:00:00]} e5 {[%emt 0:00:00]} 2. Nf3 {[%emt 0:00:00]} Nc6 {[%emt 0:00:00]} 3. Bb5 {[%emt 0:00:00]} a6 {[%emt 0:00:00]} 4. Ba4 {[%emt 0:00:00]} Nf6 {[%emt 0:00:00]} 5. O-O {[%emt 0:00:00]} b5 {[%emt 0:00:00]} 6. Bb3 {[%emt 0:00:00]} Bc5 {[%emt 0:00:02]} 7. c3 {[%emt 0:00:05]} d6 {[%emt 0:00:24]} 8. d4 {[%emt 0:00:07]} Bb6 {[%emt 0:00:09]} 9. a4 {[%emt 0:00:04]} Bg4 {[%emt 0:01:43]} 10. Bg5 {[%emt 0:07:30]} Rb8 {[%emt 0:03:48]} 11. axb5 {[%emt 0:09:15]} axb5 {[%emt 0:00:49]} 12. d5 {[%emt 0:17:17]} Ne7 {[%emt 0:09:20]} 13. h3 {[%emt 0:00:24]} Bd7 {[%emt 0:02:17]} 14. Nbd2 {[%emt 0:01:06]} Ng6 {[%emt 0:06:38]} 15. Bc2 {[%emt 0:01:25]} O-O {[%emt 0:03:16]} 16. Re1 {[%emt 0:05:17]} h6 {[%emt 0:07:32]} 17. Be3 {[%emt 0:00:08]} Bxe3 {[%emt 0:00:31]} 18. Rxe3 {[%emt 0:00:13]} Nf4 {[%emt 0:01:22]} 19. Kh2 {[%emt 0:02:24]} g5 20. Ne1 {[%emt 0:05:04]} Kh8 {[%emt 0:15:21]} 21. Kg1 {[%emt 0:02:32]} g4 {[%emt 0:05:34]} 22. h4 {[%emt 0:04:58]} N6h5 {[%emt 0:01:00]} 23. g3 {[%emt 0:00:08]} Nh3+ {[%emt 0:00:08]} 24. Kg2 {[%emt 0:00:30]} Qf6 {[%emt 0:03:48]} 25. Nd3 {[%emt 0:00:42]} Rg8 {[%emt 0:05:14]} 26. Qf1 {[%emt 0:07:52]} N5f4+ {[%emt 0:03:59]} 27. gxf4 {[%emt 0:07:32]} exf4 {[%emt 0:00:25]} 28. Rxh3 {[%emt 0:00:11]} gxh3+ {[%emt 0:00:39]} 29. Kh1 {[%emt 0:00:05]} f3 {[%emt 0:05:25]} 30. Qd1 {[%emt 0:04:47]} Qxh4 {[%emt 0:05:43]} 31. Qxf3 {[%emt 0:01:40]} h2 {[%emt 0:01:06]} 32. Qf4 {[%emt 0:13:40]} Rg4 {[%emt 0:07:54]} 33. Qxh2 {[%emt 0:00:06]} Rbg8 {[%emt 0:00:42]} 34. Nf3 {[%emt 0:01:00]} Qf6 {[%emt 0:00:23]} 35. Bd1 {[%emt 0:03:50]} Rxe4 {[%emt 0:00:37]} 36. Nde1 {[%emt 0:00:50]} Bg4 {[%emt 0:02:14]} 37. Ng2 {[%emt 0:00:05]} h5 {[%emt 0:03:30]} 38. Nd2 {[%emt 0:02:07]} Re5 {[%emt 0:01:57]} 39. Ne3 {[%emt 0:00:32]} Bxd1 {[%emt 0:01:44]} 40. Rxd1 {[%emt 0:00:04]} Reg5 {[%emt 0:00:42]} 41. f4 {[%emt 0:32:56]} R5g7 {[%emt 0:33:15]} 42. Nf3 {[%emt 0:03:26]} Re8 {[%emt 0:00:00]} 43. Nd2 {[%emt 0:00:00]} Reg8 {[%emt 0:01:00]} 44. Nf3 {[%emt 0:01:00]} Re8 {[%emt 0:00:00]} 45. Nc2 {[%emt 0:00:00]} Qf5 {[%emt 0:00:00]} 46. Rd4 {[%emt 0:00:00]} Qg4 {[%emt 0:00:00]} 47. Nce1 {[%emt 0:00:00]} Re3 {[%emt 0:00:00]} 48. f5 {[%emt 0:00:00]} Qxf5 {[%emt 0:00:00]} 49. Rf4 {[%emt 0:00:00]} Qxd5 {[%emt 0:00:00]} 50. Qh4 {[%emt 0:00:00]} Re8 {[%emt 0:00:00]} 51. Ng2 {[%emt 0:00:00]} Qd1+ {[%emt 0:00:00]} 52. Kh2 {[%emt 0:00:00]} Qc2 {[%emt 0:00:00]} 53. Ng5 {[%emt 0:00:00]} Qg6 {[%emt 0:00:00]} 54. Rg4 {[%emt 0:00:00]} f6 {[%emt 0:00:00]} 55. Nf4 {[%emt 0:00:00]} Qc2+ {[%emt 0:00:00]} 56. Kg1 {[%emt 0:00:00]} Qd1+ {[%emt 0:00:00]} 0-1

[Event "WJCC U20 Open 2019"]
[Site "New Delhi"]
[Date "2019.10.15"]
[Round "1.22"]
[White "Raahul, V S"]
[Black "Drygalov, Sergey"]
[Result "0-1"]
[WhiteElo "2262"]
[BlackElo "2470"]
[Annotator "TA"]
[PlyCount "70"]
[EventDate "2019.10.15"]
[EventType "swiss"]
[EventCountry "IND"]
[SourceTitle "playchess.com"]
[Source "ChessBase"]
[SourceQuality "1"]

{[%evp 11,80,0,0,0,0,0,0,-11,4,0,4,0,4,8,0,6,32,8,16,8,9,0,27,27,27,0,0,-5,-10,-12,-11,-31,16,0,4,0,0,-18,0,0,-8,-54,-34,-61,-56,-84,-64,-90,-93,-173,-175,-162,-179,-392,-293,-288,-288,-317,-317,-260,-228,-346,-311,-275,-173,-168,-171,-156,-157,-29998,-29999]} 1. c4 e5 2. Nc3 Nf6 3. Nf3 Nc6 4. e3 Bb4 5. Qc2 Bxc3 6. bxc3 O-O 7. e4 {A28: English Opening: Four Knights Variation} (7. d3 d6 8. Be2 Ne8 9. O-O f5 10. Ne1 Nf6 11. c5 d5 12. d4 e4 13. c4 Be6 14. Rb1 Rb8 {0-1 (56) Le,Q (2708)-Aronian,L (2758) Khanty-Mansiysk 2019}) 7... d6 8. g3 a6 9. a4 {The position is equal.} Rb8 $146 ({Predecessor:} 9... Nd7 10. Bg2 Nc5 11. Nh4 Na5 12. d3 Nab3 13. Rb1 Nxc1 14. Rxc1 {0-1 (33) Sanal,V (2535)-Esipenko,A (2625) Abu Dhabi 2019}) 10. Bg2 Na5 11. d3 Nd7 12. Be3 Qe8 13. O-O Nc5 14. Nd2 Bd7 15. Bxc5 dxc5 16. f4 f6 17. f5 Rd8 18. Rf3 Bc6 19. Nf1 Qd7 20. g4 b6 21. h4 Nb7 22. Bh3 Nd6 23. Ne3 Nf7 24. Nd5 Bxd5 25. cxd5 c6 26. Qb3 b5 {[%cal Rc6d5]} 27. axb5 axb5 {[%cal Rc6d5]} 28. Ra5 {Black should prevent dxc6.} Rb8 29. c4 cxd5 30. exd5 (30. cxd5 $17 Nd6 31. Bg2) 30... bxc4 $19 31. Qxc4 {[#]} e4 $1 {[%cal Re4f3][%mdl 512]} 32. Re3 $2 (32. Qxe4 Rfe8 33. Qa4) 32... exd3 33. Qxd3 Ne5 34. Qc2 Qxd5 {Hoping for ...Qd4.} 35. Rxc5 Rb1+ {Played: Qd5-d4} 0-1

[Event "WJCC U20 Open 2019"]
[Site "New Delhi"]
[Date "2019.10.15"]
[Round "1.23"]
[White "Vykouk, Jan"]
[Black "Aaryan, Varshney"]
[Result "0-1"]
[WhiteElo "2468"]
[BlackElo "2239"]
[Annotator "ChessBase"]
[PlyCount "130"]
[EventDate "2019.10.15"]
[EventType "swiss"]
[EventCountry "IND"]
[SourceTitle "playchess.com"]
[Source "ChessBase"]
[SourceQuality "1"]
[TimeControl "40/5400+30:1800+30"]

1. e4 {[%emt 0:00:00]} c5 {[%emt 0:00:00]} 2. Nc3 {[%emt 0:00:00]} Nc6 {[%emt 0:00:00]} 3. Nge2 {[%emt 0:00:00]} g6 {[%emt 0:00:14]} 4. d4 {[%emt 0:00:06]} cxd4 {[%emt 0:00:06]} 5. Nxd4 {[%emt 0:00:05]} Bg7 {[%emt 0:00:06]} 6. Be3 {[%emt 0:00:09]} Nf6 {[%emt 0:00:13]} 7. Bc4 {[%emt 0:00:20]} O-O {[%emt 0:01:47]} 8. Bb3 {[%emt 0:00:07]} d6 {[%emt 0:01:35]} 9. f3 {[%emt 0:02:59]} Nxd4 {[%emt 0:00:11]} 10. Bxd4 {[%emt 0:00:10]} Be6 {[%emt 0:00:02]} 11. Qd2 {[%emt 0:12:59]} Qa5 {[%emt 0:00:18]} 12. Bxe6 {[%emt 0:01:16]} fxe6 {[%emt 0:00:17]} 13. O-O-O {[%emt 0:00:57]} b5 {[%emt 0:04:26]} 14. Kb1 {[%emt 0:00:11]} b4 {[%emt 0:00:32]} 15. Ne2 {[%emt 0:00:02]} Rfc8 16. h4 {[%emt 0:01:05]} Rc6 {[%emt 0:07:57]} 17. a3 {[%emt 0:05:31]} Rb8 {[%emt 0:07:48]} 18. Nc1 {[%emt 0:25:00]} Ra6 {[%emt 0:09:58]} 19. Na2 {[%emt 0:02:13]} bxa3 {[%emt 0:02:02]} 20. Qxa5 {[%emt 0:00:26]} Rxa5 {[%emt 0:00:03]} 21. b4 {[%emt 0:00:15]} Ra4 {[%emt 0:05:07]} 22. c3 {[%emt 0:01:14]} a5 {[%emt 0:00:20]} 23. Kc2 {[%emt 0:00:05]} axb4 {[%emt 0:00:31]} 24. Nxb4 {[%emt 0:01:23]} Nd7 {[%emt 0:01:22]} 25. Bxg7 {[%emt 0:00:24]} Kxg7 {[%emt 0:00:03]} 26. Ra1 {[%emt 0:00:20]} Nc5 {[%emt 0:00:40]} 27. Ra2 {[%emt 0:00:14]} Na6 {[%emt 0:00:44]} 28. Nxa6 {[%emt 0:03:13]} Rxa6 {[%emt 0:00:17]} 29. Rha1 {[%emt 0:00:17]} Rab6 {[%emt 0:01:35]} 30. Kd3 {[%emt 0:09:40]} Rb2 {[%emt 0:00:31]} 31. g3 {[%emt 0:01:05]} Rf8 {[%emt 0:03:31]} 32. Ke3 {[%emt 0:03:04]} Rxa2 {[%emt 0:01:55]} 33. Rxa2 {[%emt 0:00:05]} Ra8 {[%emt 0:00:01]} 34. Kd4 {[%emt 0:01:22]} Kf6 {[%emt 0:01:13]} 35. Kc4 {[%emt 0:00:11]} g5 {[%emt 0:05:03]} 36. hxg5+ {[%emt 0:00:38]} Kxg5 {[%emt 0:00:02]} 37. Kd3 {[%emt 0:12:23]} h5 {[%emt 0:01:18]} 38. Ke3 {[%emt 0:00:07]} e5 {[%emt 0:03:14]} 39. Kf2 {[%emt 0:05:40]} h4 {[%emt 0:00:33]} 40. Kg2 {[%emt 0:00:28]} hxg3 {[%emt 0:00:28]} 41. Kxg3 {[%emt 0:30:19]} Ra4 {[%emt 0:30:11]} 42. Kf2 {[%emt 0:00:07]} e6 {[%emt 0:07:05]} 43. Ke3 {[%emt 0:01:35]} d5 {[%emt 0:00:56]} 44. exd5 {[%emt 0:00:00]} exd5 {[%emt 0:00:00]} 45. Ke2 {[%emt 0:00:00]} Kf4 {[%emt 0:00:00]} 46. Kf2 {[%emt 0:00:00]} Ra7 {[%emt 0:00:00]} 47. Ke2 {[%emt 0:00:00]} Ra8 {[%emt 0:00:00]} 48. Kf2 {[%emt 0:00:00]} e4 {[%emt 0:00:00]} 49. fxe4 {[%emt 0:00:00]} dxe4 {[%emt 0:00:00]} 50. c4 {[%emt 0:00:00]} e3+ {[%emt 0:00:00]} 51. Ke2 {[%emt 0:00:00]} Ke4 {[%emt 0:00:00]} 52. c5 {[%emt 0:00:00]} Kd4 {[%emt 0:00:00]} 53. c6 {[%emt 0:00:00]} Kc3 {[%emt 0:00:00]} 54. Kxe3 {[%emt 0:01:53]} Kb3 {[%emt 0:00:00]} 55. Ra1 {[%emt 0:02:40]} Kb2 {[%emt 0:00:00]} 56. Rh1 {[%emt 0:10:27]} Rc8 {[%emt 0:00:00]} 57. Rh2+ {[%emt 0:02:57]} Kb3 {[%emt 0:00:00]} 58. Rh7 {[%emt 0:02:21]} Rxc6 {[%emt 0:00:00]} 59. Rb7+ {[%emt 0:00:05]} Kc2 {[%emt 0:00:00]} 60. Ra7 {[%emt 0:00:15]} Rc3+ {[%emt 0:00:00]} 61. Kd4 {[%emt 0:00:22]} Kb2 {[%emt 0:00:00]} 62. Ra8 {[%emt 0:01:27]} Rb3 {[%emt 0:00:00]} 63. Rg8 {[%emt 0:00:47]} a2 {[%emt 0:00:00]} 64. Rg2+ {[%emt 0:00:12]} Ka3 {[%emt 0:00:00]} 65. Rg1 {[%emt 0:00:45]} Rb1 {[%emt 0:00:00]} 0-1

[Event "WJCC U20 Open 2019"]
[Site "New Delhi"]
[Date "2019.10.15"]
[Round "1.24"]
[White "Saurabh, Anand"]
[Black "Janik, Igor"]
[Result "1/2-1/2"]
[WhiteElo "2236"]
[BlackElo "2467"]
[Annotator "ChessBase"]
[PlyCount "62"]
[EventDate "2019.10.15"]
[EventType "swiss"]
[EventCountry "IND"]
[SourceTitle "playchess.com"]
[Source "ChessBase"]
[SourceQuality "1"]
[TimeControl "40/5400+30:1800+30"]

1. e4 {[%emt 0:00:00]} c5 {[%emt 0:00:00]} 2. Nf3 {[%emt 0:00:00]} Nc6 {[%emt 0:00:00]} 3. Nc3 {[%emt 0:00:09]} g6 4. d4 {[%emt 0:00:21]} cxd4 {[%emt 0:00:14]} 5. Nxd4 {[%emt 0:00:07]} Bg7 {[%emt 0:00:28]} 6. Be3 {[%emt 0:00:24]} Nf6 {[%emt 0:00:02]} 7. Bc4 {[%emt 0:01:01]} O-O {[%emt 0:00:13]} 8. Bb3 {[%emt 0:00:43]} d6 {[%emt 0:00:59]} 9. f3 {[%emt 0:00:26]} Nxd4 {[%emt 0:00:22]} 10. Bxd4 {[%emt 0:00:11]} Be6 {[%emt 0:00:16]} 11. Qd2 {[%emt 0:00:36]} Qa5 {[%emt 0:00:12]} 12. O-O-O {[%emt 0:00:24]} b5 {[%emt 0:00:57]} 13. Kb1 {[%emt 0:02:58]} Bxb3 {[%emt 0:00:31]} 14. cxb3 {[%emt 0:00:17]} Rfc8 {[%emt 0:00:14]} 15. g4 {[%emt 0:01:08]} b4 {[%emt 0:01:23]} 16. Ne2 {[%emt 0:00:11]} Qb5 {[%emt 0:00:28]} 17. h4 {[%emt 0:01:01]} a5 {[%emt 0:00:33]} 18. h5 {[%emt 0:01:28]} a4 {[%emt 0:01:43]} 19. bxa4 {[%emt 0:00:26]} Qxa4 {[%emt 0:00:16]} 20. b3 {[%emt 0:00:09]} Qa3 {[%emt 0:13:54]} 21. h6 {[%emt 0:06:54]} Bh8 {[%emt 0:03:34]} 22. Rc1 {[%emt 0:06:58]} Nd7 {[%emt 0:11:35]} 23. Rxc8+ {[%emt 0:10:49]} Rxc8 {[%emt 0:00:57]} 24. Bxh8 {[%emt 0:00:18]} Kxh8 {[%emt 0:00:23]} 25. Qd4+ {[%emt 0:00:26]} f6 {[%emt 0:00:59]} 26. Qd5 {[%emt 0:00:43]} Ne5 {[%emt 0:04:58]} 27. f4 {[%emt 0:07:57]} Qa6 {[%emt 0:11:52]} 28. Nc1 {[%emt 0:09:37]} Nxg4 {[%emt 0:00:46]} 29. Qf7 {[%emt 0:04:14]} Nxh6 {[%emt 0:01:54]} 30. Rxh6 {[%emt 0:03:01]} Rxc1+ {[%emt 0:00:12]} 31. Kxc1 {[%emt 0:00:19]} Qf1+ {[%emt 0:00:10]} 1/2-1/2

[Event "WJCC U20 Open 2019"]
[Site "New Delhi"]
[Date "2019.10.15"]
[Round "1.25"]
[White "Costachi, Mihnea"]
[Black "Wagh, Suyog"]
[Result "1/2-1/2"]
[WhiteElo "2463"]
[BlackElo "2229"]
[Annotator "ChessBase"]
[PlyCount "60"]
[EventDate "2019.10.15"]
[EventType "swiss"]
[EventCountry "IND"]
[SourceTitle "playchess.com"]
[Source "ChessBase"]
[SourceQuality "1"]
[TimeControl "40/5400+30:1800+30"]

1. d4 {[%emt 0:00:00]} Nf6 {[%emt 0:00:00]} 2. c4 {[%emt 0:00:06]} e6 {[%emt 0:00:00]} 3. Nf3 {[%emt 0:00:53]} d5 {[%emt 0:00:00]} 4. Nc3 {[%emt 0:00:25]} dxc4 {[%emt 0:00:00]} 5. e3 {[%emt 0:01:12]} a6 {[%emt 0:00:20]} 6. Bxc4 {[%emt 0:00:27]} b5 {[%emt 0:00:25]} 7. Bb3 {[%emt 0:00:29]} Bb7 {[%emt 0:00:18]} 8. O-O {[%emt 0:00:17]} c5 {[%emt 0:04:56]} 9. e4 {[%emt 0:02:03]} Be7 {[%emt 0:42:43]} 10. e5 {[%emt 0:04:47]} Ne4 {[%emt 0:03:38]} 11. Nxe4 {[%emt 0:07:51]} Bxe4 {[%emt 0:00:02]} 12. Qe2 {[%emt 0:00:54]} Bb7 {[%emt 0:03:53]} 13. dxc5 {[%emt 0:01:38]} Nd7 {[%emt 0:02:34]} 14. Be3 {[%emt 0:22:45]} Nxc5 {[%emt 0:08:27]} 15. Rfd1 {[%emt 0:01:00]} Qb8 {[%emt 0:00:34]} 16. Bxc5 {[%emt 0:11:42]} Bxc5 {[%emt 0:00:12]} 17. Ng5 {[%emt 0:00:07]} Be7 {[%emt 0:05:29]} 18. h4 {[%emt 0:02:45]} O-O {[%emt 0:03:10]} 19. Nxh7 {[%emt 0:07:30]} Kxh7 {[%emt 0:05:05]} 20. Qh5+ {[%emt 0:00:22]} Kg8 {[%emt 0:00:04]} 21. Bc2 {[%emt 0:14:12]} f5 {[%emt 0:00:09]} 22. exf6 {[%emt 0:00:41]} Rxf6 {[%emt 0:00:05]} 23. Qh7+ {[%emt 0:09:25]} Kf8 {[%emt 0:03:37]} 24. Qh8+ {[%emt 0:00:38]} Kf7 {[%emt 0:00:05]} 25. Qh5+ {[%emt 0:00:11]} Kf8 {[%emt 0:01:03]} 26. Qh8+ {[%emt 0:01:39]} Kf7 {[%emt 0:00:01]} 27. Qh5+ {[%emt 0:00:20]} Kf8 {[%emt 0:00:01]} 28. Qh8+ {[%emt 0:00:31]} Kf7 {[%emt 0:00:05]} 29. Qh5+ {[%emt 0:00:07]} Kf8 {[%emt 0:00:07]} 30. Qh8+ {[%emt 0:00:41]} Kf7 {[%emt 0:00:14]} 1/2-1/2

[Event "WJCC U20 Open 2019"]
[Site "New Delhi"]
[Date "2019.10.15"]
[Round "1.26"]
[White "Tifferet, Shaked"]
[Black "Haria, Ravi"]
[Result "0-1"]
[WhiteElo "2224"]
[BlackElo "2463"]
[Annotator "TA"]
[PlyCount "94"]
[EventDate "2019.10.15"]
[EventType "swiss"]
[EventCountry "IND"]
[SourceTitle "playchess.com"]
[Source "ChessBase"]
[SourceQuality "1"]

{[%evp 9,93,-1,7,-5,0,-6,3,3,4,0,0,0,0,0,-3,-9,-8,-8,-10,-5,-5,-5,-5,-9,-13,-14,0,-16,-10,-10,-10,-25,0,-10,-10,-32,-41,-62,-45,-36,-30,-32,-36,-177,-189,-216,-215,-209,-195,-207,-212,-371,-364,-357,-341,-567,-560,-507,-234,-439,-435,-600,-572,-534,-534,-913,-900,-29977,-29979,-29978,-29979,-29979,-29980,-29981,-29982,-29982,-29983,-29983,-29984,-29996,-29996,-29997,-29998,-29998,-29999,-29999]} 1. d4 d5 2. Bf4 Nf6 3. Nf3 e6 4. e3 c5 5. c3 Bd6 6. Bg3 {D02: 1 d4 d5 2 Nf3 sidelines, including 2...Nf6 3 g3 and 2...Nf6 3 Bf4} Qc7 (6... Nc6 7. Nbd2 O-O 8. Bb5 cxd4 9. exd4 Ne7 10. Bd3 Ng6 11. O-O Bxg3 12. fxg3 b5 13. Qe2 Qb6 14. Ng5 b4 15. Ndf3 h6 {½-½ (34) Naroditsky,D (2616)-Mamedyarov,S (2817) chess.com INT 2019}) 7. Na3 $146 {Hoping for Nb5.} ({Predecessor:} 7. Nbd2 Nbd7 8. Bxd6 Qxd6 9. dxc5 Nxc5 10. Nc4 Qc7 11. Nce5 O-O 12. Bd3 Nxd3+ 13. Qxd3 Ne4 {0-1 (60) Georgiadis,N (2514)-Vidit,S (2703) Biel 2019}) 7... a6 8. Qa4+ {The position is equal.} Bd7 9. Nb5 Bxb5 10. Bxb5+ Nbd7 11. Bxd6 Qxd6 12. Ne5 Rc8 13. Bxd7+ Nxd7 14. Nxd7 Qxd7 15. Qxd7+ Kxd7 $11 {[%mdl 4096] Endgame KRR-KRR} 16. Kd2 h5 17. h4 Rh6 18. Rh3 Rg6 19. Rg1 Kd6 20. Rf3 Rc7 21. Rf4 cxd4 22. cxd4 f5 23. Kd3 b5 24. Rf3 a5 25. Rh3 $1 e5 26. Kd2 {[#]} ({Better is} 26. dxe5+ $15 Kxe5 27. Rhh1) 26... exd4 $1 $19 27. exd4 Rg4 28. Rd3 Rc4 ({Much less strong is} 28... Rxh4 29. g3 $17) 29. g3 {intending f4.} Rcxd4 ({But not} 29... Rgxd4 30. b3 $17) 30. Rc1 $2 (30. f3 Rxd3+ 31. Kxd3) 30... Rxd3+ 31. Kxd3 {KR-KR} f4 32. Rg1 $2 (32. gxf4 {was called for.} Rxf4 33. Rf1) 32... fxg3 33. fxg3 d4 (33... g5 $142 34. hxg5 h4) 34. a4 $2 (34. Rf1 {was necessary.}) 34... bxa4 35. Kc4 Ke5 36. Re1+ Re4 37. Rd1 Re2 38. Rxd4 Rc2+ {Black mates.} 39. Kd3 {[#]} Rd2+ $1 {[%mdl 576] Deflection} 40. Kxd2 Kxd4 {KP-KP} 41. Kc2 Kc4 42. Kd2 Kb3 43. Kc1 a3 44. Kb1 axb2 45. g4 a4 {[%cal Ba5a4,Ba4a3,Ba3a2][%mdl 32]} 46. g5 a3 {[%csl Gb3][%cal Ra3a2]} 47. g6 a2# {Accuracy: White = 34%, Black = 74%.} 0-1

[Event "WJCC U20 Open 2019"]
[Site "New Delhi"]
[Date "2019.10.15"]
[Round "1.27"]
[White "Rahul, Srivatshav P"]
[Black "Donoso Diaz, Sebastian"]
[Result "1-0"]
[WhiteElo "2460"]
[BlackElo "2203"]
[Annotator "ChessBase"]
[PlyCount "59"]
[EventDate "2019.10.15"]
[EventType "swiss"]
[EventCountry "IND"]
[SourceTitle "playchess.com"]
[Source "ChessBase"]
[SourceQuality "1"]
[TimeControl "40/5400+30:1800+30"]

1. Nf3 {[%emt 0:00:00]} c5 {[%emt 0:00:00]} 2. g3 {[%emt 0:01:01]} Nc6 {[%emt 0:00:19]} 3. Bg2 {[%emt 0:00:13]} g6 {[%emt 0:01:52]} 4. O-O {[%emt 0:00:45]} Bg7 {[%emt 0:00:30]} 5. e4 {[%emt 0:00:12]} e5 {[%emt 0:00:29]} 6. c3 {[%emt 0:00:16]} Nge7 {[%emt 0:01:00]} 7. d3 {[%emt 0:02:54]} d5 {[%emt 0:03:09]} 8. exd5 {[%emt 0:02:35]} Nxd5 {[%emt 0:00:29]} 9. Nbd2 {[%emt 0:01:10]} O-O {[%emt 0:03:54]} 10. Re1 {[%emt 0:02:14]} b6 {[%emt 0:08:44]} 11. Nc4 {[%emt 0:03:50]} Re8 {[%emt 0:03:43]} 12. Ng5 {[%emt 0:02:12]} f6 {[%emt 0:29:06]} 13. Qb3 {[%emt 0:11:24]} Nce7 {[%emt 0:20:19]} 14. Ne4 {[%emt 0:00:42]} Be6 {[%emt 0:02:14]} 15. f4 {[%emt 0:01:43]} h6 {[%emt 0:09:00]} 16. a4 {[%emt 0:12:30]} Nf5 {[%emt 0:02:33]} 17. fxe5 {[%emt 0:01:30]} fxe5 {[%emt 0:00:18]} 18. a5 {[%emt 0:02:52]} Rb8 {[%emt 0:00:41]} 19. axb6 {[%emt 0:04:01]} Nxb6 {[%emt 0:02:24]} 20. Nxc5 {[%emt 0:00:36]} Nxc4 {[%emt 0:01:19]} 21. Nxe6 {[%emt 0:01:14]} Qxd3 {[%emt 0:00:07]} 22. Nc5 {[%emt 0:02:49]} Rxb3 {[%emt 0:02:25]} 23. Nxd3 {[%emt 0:00:26]} Kh8 {[%emt 0:02:32]} 24. Bd5 {[%emt 0:01:38]} Nfd6 {[%emt 0:00:43]} 25. Rxa7 {[%emt 0:00:51]} e4 {[%emt 0:02:08]} 26. Nf4 {[%emt 0:00:05]} g5 {[%emt 0:01:35]} 27. Nh5 {[%emt 0:00:13]} Bf8 {[%emt 0:00:53]} 28. Nf6 {[%emt 0:01:48]} Re7 {[%emt 0:00:02]} 29. Rxe7 {[%emt 0:00:27]} Bxe7 {[%emt 0:00:03]} 30. Nxe4 {[%emt 0:00:06]} 1-0